| 000 | 00850nam a22002057a 4500 | ||
|---|---|---|---|
| 010 | _aA-052643 | ||
| 035 | _aA-052643 | ||
| 037 | _bCen Lib / Ret | ||
| 040 |
_aDPL _bEN |
||
| 082 |
_a331.10954 _bGHA |
||
| 100 | _aGhaiye, B. R. | ||
| 245 |
_aEmployment : _bits terms and conditions, in public and private sectors : being a case-commentary relating to various categories of employment and their rights & obligations from the stage of appointment to promotion / _cby B. R. Ghaiye [and] Nirmala Malhotra |
||
| 260 |
_aLucknow _bEastern Book Co _c1981 |
||
| 270 |
_aLaw Publishers and Booksellers 34, Lalbagh _bLucknow _e226001 |
||
| 300 |
_alxxv, 1246p _b24cm(HB) |
||
| 650 | _aLabor laws and legislation -- India. | ||
| 650 | _aLabor laws and legislation. | ||
| 700 | _aMalhotra, Nirmala | ||
| 942 |
_2ddc _cEN _h331.10954 _mGJA |
||
| 999 |
_c136752 _d136752 |
||